[Event "Wch U20 Girls 29th"]
[Site "Chennai"]
[Date "2011.08.12"]
[Round "10"]
[White "Krumova, Ani"]
[Black "Arunima, Kalra"]
[Result "0-1"]
[WhiteElo "1961"]
[BlackElo "1867"]
[PlyCount "108"]
[EventDate "2011.08.02"]
[EventType "swiss"]
[EventRounds "13"]
[EventCountry "IND"]
[SourceTitle "CBM 143 Extra"]
[Source "ChessBase"]
[SourceDate "2011.08.29"]
[SourceVersion "1"]
[SourceVersionDate "2011.08.29"]
[SourceQuality "1"]

1. Nf3 d5 2. g3 Nf6 3. Bg2 Bg4 4. d3 e6 5. Ne5 Bf5 6. Nd2 Nbd7 7. Nxd7 Qxd7 8. 0-0 Bd6 9. e4 dxe4 10. dxe4 Bg4 11. f3 Bc5+ 12. Kh1 Bh5 13. Qe2 0-0 14. Nb3 Be7 15. Be3 c6 16. Rad1 Qc7 17. Rd3 Rfd8 18. Rfd1 b6 19. Bf2 e5 20. h4 Bg6 21. Bh3 h5 22. Be1 Rxd3 23. Rxd3 Rd8 24. Bc3 Ne8 25. Nd2 f6 26. Be6+ Kf8 27. Nc4 Nd6 28. Ne3 Nb5 29. Bc4 Nxc3 30. Rxc3 Bc5 31. Nf1 Bd4 32. Rb3 Qd7 33. Kg2 b5 34. Bd3 Bf7 35. Ra3 Bc5 36. Rc3 Bb4 37. Rb3 Bxb3 38. axb3 g6 39. Ne3 Bc5 40. Nd1 Qd4 41. Qf1 Kg7 42. Nc3 a5 43. Qe1 Ra8 44. Kh3 Qg1 45. Qxg1 Bxg1 46. Kg2 Bd4 47. Nd1 Kf7 48. Kf1 Ke6 49. Ke2 a4 50. bxa4 Rxa4 51. c3 Bb6 52. Bc2 Ra8 53. Kf1 Rd8 54. Ke2 Ke7 0-1

[Event "Wch U20 Girls 29th"]
[Site "Chennai"]
[Date "2011.08.10"]
[Round "8"]
[White "Pratyusha, Bodda"]
[Black "Arunima, Kalra"]
[Result "1/2-1/2"]
[WhiteElo "2064"]
[BlackElo "1867"]
[PlyCount "61"]
[EventDate "2011.08.02"]
[EventType "swiss"]
[EventRounds "13"]
[EventCountry "IND"]
[SourceTitle "CBM 143 Extra"]
[Source "ChessBase"]
[SourceDate "2011.08.29"]
[SourceVersion "1"]
[SourceVersionDate "2011.08.29"]
[SourceQuality "1"]

1. e4 c5 2. Nc3 Nc6 3. Bb5 Nd4 4. Bc4 g6 5. Nf3 Bg7 6. Nxd4 cxd4 7. Qf3 Nh6 8. Ne2 0-0 9. d3 Qb6 10. Bb3 d6 11. Bg5 Qa5+ 12. Bd2 Qb6 13. h3 Kh8 14. 0-0 a5 15. a4 f5 16. Nf4 e5 17. Nd5 Qd8 18. exf5 Nxf5 19. Qe4 Bd7 20. c3 Rc8 21. Qe1 Rc5 22. Qb1 Bc6 23. Qa2 b6 24. Bc4 Bd7 25. cxd4 Nxd4 26. Be3 Bxh3 27. b4 Rxc4 28. dxc4 Nf3+ 29. gxf3 Rxf3 30. Qe2 Bg4 31. Qd2 1/2-1/2

[Event "IND-chB (Women) 38th"]
[Site "Chennai"]
[Date "2011.07.05"]
[Round "5"]
[White "Preethi, Rajkumar"]
[Black "Arunima, Kalra"]
[Result "1/2-1/2"]
[WhiteElo "2065"]
[BlackElo "1867"]
[PlyCount "52"]
[EventDate "2011.07.02"]
[EventType "swiss"]
[EventRounds "11"]
[EventCountry "IND"]
[SourceTitle "CBM 143 Extra"]
[Source "ChessBase"]
[SourceDate "2011.08.29"]
[SourceVersion "1"]
[SourceVersionDate "2011.08.29"]
[SourceQuality "1"]

1. e4 c5 2. Nf3 Nc6 3. d4 cxd4 4. Nxd4 Nf6 5. Nc3 e5 6. Ndb5 d6 7. Bg5 a6 8. Na3 b5 9. Nd5 Be7 10. Bxf6 Bxf6 11. c3 0-0 12. Nc2 Bg5 13. a4 bxa4 14. Rxa4 a5 15. Bc4 Rb8 16. b3 Kh8 17. Nce3 Bxe3 18. Nxe3 Ne7 19. 0-0 f5 20. exf5 Nxf5 21. Nxf5 Rxf5 22. Qd5 Bb7 23. Qxa5 Qg5 24. Bd5 e4 25. Qc7 Rbf8 26. h4 Qd2 1/2-1/2

[Event "Bhubaneswar op 3rd"]
[Site "Bhubaneswar"]
[Date "2011.05.28"]
[Round "1"]
[White "Hossain, Enamul"]
[Black "Arunima, Kalra"]
[Result "1-0"]
[WhiteElo "2478"]
[BlackElo "1895"]
[PlyCount "59"]
[EventDate "2011.05.28"]
[EventType "swiss"]
[EventRounds "11"]
[EventCountry "IND"]
[SourceTitle "CBM 142 Extra"]
[Source "ChessBase"]
[SourceDate "2011.06.27"]
[SourceVersion "1"]
[SourceVersionDate "2011.06.27"]
[SourceQuality "1"]

1. e4 c5 2. Nf3 Nc6 3. d4 cxd4 4. Nxd4 g6 5. Nc3 Bg7 6. Be3 Nf6 7. Bc4 Qa5 8. 0-0 0-0 9. Nb3 Qc7 10. Be2 d6 11. f4 a6 12. Kh1 b5 13. Bf3 Be6 14. Qd2 Bc4 15. Rfd1 Rac8 16. Nd5 Bxd5 17. exd5 Nb8 18. c3 Nbd7 19. Qf2 Nc5 20. Nxc5 dxc5 21. a4 h5 22. axb5 axb5 23. Ra6 Nd7 24. Rc6 Qa7 25. h3 Qa4 26. Re1 c4 27. Bd4 Nf6 28. Rxe7 Rxc6 29. dxc6 Rc8 30. Ra7 1-0

[Event "IND-ch (Women) 37th"]
[Site "Bhubaneswar"]
[Date "2011.01.01"]
[Round "7"]
[White "Arunima, Kalra"]
[Black "Akshaya, A."]
[Result "1/2-1/2"]
[WhiteElo "1866"]
[BlackElo "2022"]
[PlyCount "65"]
[EventDate "2010.12.25"]
[EventType "swiss"]
[EventRounds "11"]
[EventCountry "IND"]
[SourceTitle "CBM 140 Extra"]
[Source "ChessBase"]
[SourceDate "2011.03.01"]
[SourceVersion "1"]
[SourceVersionDate "2011.03.01"]
[SourceQuality "1"]

1. e4 e5 2. Nf3 Nc6 3. Bb5 Bc5 4. 0-0 Nf6 5. d3 Qe7 6. Nc3 h6 7. Nd5 Nxd5 8. exd5 Nd4 9. Nxd4 Bxd4 10. c3 Bb6 11. d4 0-0 12. Qe2 d6 13. Re1 Bd7 14. dxe5 dxe5 15. Bxd7 Qxd7 16. c4 Rae8 17. b4 Bd4 18. Bb2 Bxb2 19. Qxb2 Qd6 20. Rad1 b6 21. Qc3 c5 22. dxc6 Qxc6 23. b5 Qc7 24. Rd5 Rc8 25. c5 bxc5 26. Rdxe5 Qb6 27. Qc4 Rc7 28. h3 Qd6 29. Rd5 Qb6 30. a4 Rfc8 31. Ree5 Qa5 32. Rd6 Qb4 33. Re4 1/2-1/2

[Event "IND-ch U15 Girls"]
[Site "New Delhi"]
[Date "2010.09.12"]
[Round "11"]
[White "Soneji, Janhavi"]
[Black "Arunima, Kalra"]
[Result "1/2-1/2"]
[WhiteElo "1705"]
[BlackElo "1809"]
[PlyCount "53"]
[EventDate "2010.09.04"]
[EventType "swiss"]
[EventRounds "11"]
[EventCountry "IND"]
[SourceTitle "CBM 138 Extra"]
[Source "ChessBase"]
[SourceDate "2010.10.29"]
[SourceVersion "1"]
[SourceVersionDate "2010.10.29"]
[SourceQuality "1"]

1. e4 c5 2. c3 Nf6 3. e5 Nd5 4. d4 cxd4 5. cxd4 e6 6. Nf3 d6 7. Bd3 Bd7 8. 0-0 Bc6 9. Nc3 Nxc3 10. bxc3 Nd7 11. Bf4 Qc7 12. exd6 Bxd6 13. Bxd6 Qxd6 14. Re1 Nf6 15. Ne5 0-0 16. Re3 Qd5 17. Rg3 g6 18. h4 Ne4 19. Bxe4 Qxe4 20. h5 Rac8 21. Qd2 Qf5 22. Qh6 Qf6 23. Ng4 Qg7 24. Qf4 Rfd8 25. hxg6 hxg6 26. Nf6+ Kf8 27. Nh5 1/2-1/2

[Event "IND-ch U15 Girls"]
[Site "New Delhi"]
[Date "2010.09.10"]
[Round "9"]
[White "Rathore, Sonakshi"]
[Black "Arunima, Kalra"]
[Result "1-0"]
[WhiteElo "1947"]
[BlackElo "1809"]
[PlyCount "125"]
[EventDate "2010.09.04"]
[EventType "swiss"]
[EventRounds "11"]
[EventCountry "IND"]
[SourceTitle "CBM 138 Extra"]
[Source "ChessBase"]
[SourceDate "2010.10.29"]
[SourceVersion "1"]
[SourceVersionDate "2010.10.29"]
[SourceQuality "1"]

1. e4 c5 2. c3 Nf6 3. e5 Nd5 4. Nf3 e6 5. d4 cxd4 6. cxd4 d6 7. Bc4 Nb6 8. Bd3 Nc6 9. 0-0 dxe5 10. dxe5 Nd7 11. Bf4 Nc5 12. Bc4 Qxd1 13. Rxd1 a6 14. Nc3 Be7 15. Rab1 b5 16. Bf1 b4 17. Ne2 Bb7 18. Rbc1 h6 19. h4 Rd8 20. Rxd8+ Kxd8 21. b3 Kc8 22. Be3 Nd3 23. Rc2 Kb8 24. Ned4 Nxd4 25. Nxd4 Nxe5 26. Bf4 Bd6 27. Bg3 Rc8 28. Rd2 Bc7 29. Nc2 Nc6 30. Kh2 a5 31. Ne3 Bxg3+ 32. Kxg3 Rd8 33. Rc2 Ne7 34. Rc5 Nc6 35. Bb5 Nd4 36. Bc4 Nc6 37. Be2 Ka7 38. Bf3 Kb6 39. Rc1 Ne5 40. Bxb7 Kxb7 41. Rc5 Nc6 42. Nc4 f6 43. Nxa5+ Nxa5 44. Rxa5 Kb6 45. Ra4 Rd4 46. Ra8 Rd2 47. Kf3 Rd7 48. Re8 e5 49. Rb8+ Kc5 50. Rc8+ Kb5 51. Ke3 g5 52. h5 f5 53. Re8 e4 54. Re5+ Kc6 55. Rxf5 Rd3+ 56. Kxe4 Rd2 57. Rf6+ Kc5 58. Ke3 Rxa2 59. Rxh6 Rc2 60. Rh8 Rc3+ 61. Ke4 Rxb3 62. h6 Rb1 63. h7 1-0

[Event "IND-ch U15 Girls"]
[Site "New Delhi"]
[Date "2010.09.07"]
[Round "6"]
[White "Arunima, Kalra"]
[Black "Tarini, Goyal"]
[Result "1-0"]
[WhiteElo "1809"]
[BlackElo "1582"]
[PlyCount "65"]
[EventDate "2010.09.04"]
[EventType "swiss"]
[EventRounds "11"]
[EventCountry "IND"]
[SourceTitle "CBM 138 Extra"]
[Source "ChessBase"]
[SourceDate "2010.10.29"]
[SourceVersion "1"]
[SourceVersionDate "2010.10.29"]
[SourceQuality "1"]

1. e4 c6 2. d4 d5 3. exd5 cxd5 4. c4 Nf6 5. Nc3 Nc6 6. Nf3 g6 7. cxd5 Nxd5 8. Qb3 e6 9. Nxd5 exd5 10. Bb5 Bg7 11. 0-0 0-0 12. Bxc6 bxc6 13. Bf4 Qb6 14. Qxb6 axb6 15. Bc7 Ra7 16. Bxb6 Rb7 17. Bc5 Re8 18. Rfe1 Be6 19. b4 Ra8 20. a4 Bf8 21. Reb1 Bxc5 22. dxc5 Bd7 23. Nd4 Rba7 24. a5 Rb8 25. f3 Be8 26. Rb3 Rab7 27. Rab1 Kg7 28. Kf2 Kf6 29. Ke3 g5 30. R3b2 Ke5 31. Kd3 f6 32. Re2+ Kf4 33. g3# 1-0

[Event "IND-ch U15 Girls"]
[Site "New Delhi"]
[Date "2010.09.07"]
[Round "5"]
[White "Smaraki, Mohanty"]
[Black "Arunima, Kalra"]
[Result "1/2-1/2"]
[WhiteElo "1653"]
[BlackElo "1809"]
[PlyCount "105"]
[EventDate "2010.09.04"]
[EventType "swiss"]
[EventRounds "11"]
[EventCountry "IND"]
[SourceTitle "CBM 138 Extra"]
[Source "ChessBase"]
[SourceDate "2010.10.29"]
[SourceVersion "1"]
[SourceVersionDate "2010.10.29"]
[SourceQuality "1"]

1. d4 Nf6 2. Nf3 d5 3. Bf4 c5 4. c3 Qb6 5. Qb3 c4 6. Qc2 Nc6 7. Nbd2 Bg4 8. Ne5 Nxe5 9. Bxe5 Nd7 10. Bg3 e6 11. f3 Bf5 12. e4 Bg6 13. b3 cxb3 14. Qxb3 Rc8 15. Bb5 dxe4 16. fxe4 Qd8 17. Nc4 Bxe4 18. Ne5 Bc6 19. Nxc6 bxc6 20. Ba6 Be7 21. Bxc8 Qxc8 22. Rb1 Qa6 23. Qb7 Qd3 24. Qb2 0-0 25. Rd1 Qe3+ 26. Kf1 Bg5 27. Qc2 Bf6 28. Qd3 Qg5 29. Kf2 Qa5 30. Qc2 e5 31. Rhe1 exd4 32. cxd4 Qb6 33. Qc4 c5 34. dxc5 Nxc5 35. Kf1 Ne6 36. Be5 Bxe5 37. Rxe5 Qb2 38. Qe2 Qb6 39. Qb5 Qc7 40. Rd7 Qc1+ 41. Re1 Qf4+ 42. Kg1 Qg4 43. Qe2 Qa4 44. Red1 h6 45. Qf2 a5 46. R7d2 Qg4 47. Rf1 Ng5 48. Qg3 Qb4 49. Qf4 Ne4 50. Re2 f5 51. Kh1 Re8 52. Qf3 Qc4 53. Rfe1 1/2-1/2

[Event "IND-chB (Women)"]
[Site "Shilpgram"]
[Date "2010.08.22"]
[Round "4"]
[White "Arunima, Kalra"]
[Black "Mohana, Priya J"]
[Result "1/2-1/2"]
[WhiteElo "1841"]
[BlackElo "2004"]
[PlyCount "168"]
[EventDate "2010.08.20"]
[EventType "swiss"]
[EventRounds "11"]
[EventCountry "IND"]
[SourceTitle "CBM 138 Extra"]
[Source "ChessBase"]
[SourceDate "2010.10.29"]
[SourceVersion "1"]
[SourceVersionDate "2010.10.29"]
[SourceQuality "1"]

1. e4 e5 2. Nf3 Nc6 3. Bb5 Nf6 4. d3 Bc5 5. 0-0 d6 6. c3 0-0 7. h3 h6 8. Nbd2 Qe7 9. Re1 a6 10. Ba4 b5 11. Bb3 Bb6 12. Nf1 Na5 13. Bc2 c6 14. b4 Nb7 15. a4 Bd7 16. a5 Ba7 17. Be3 c5 18. Qd2 Rfd8 19. Bb3 Kh7 20. Rad1 Bc6 21. Ng3 Bd7 22. Nh4 Nxe4 23. dxe4 Qxh4 24. Bxf7 cxb4 25. cxb4 Qe7 26. Bd5 Be6 27. Bxa7 Rxa7 28. Rc1 Rc8 29. Bxe6 Qxe6 30. Rxc8 Qxc8 31. Rc1 Qd7 32. Qd5 Nd8 33. Nf5 Rc7 34. Rd1 Nf7 35. Nxd6 Nxd6 36. Qxd6 Qxd6 37. Rxd6 Rc4 38. Rxa6 Rxe4 39. Re6 Rxb4 40. Rxe5 Rb1+ 41. Kh2 b4 42. Rb5 Ra1 43. f4 b3 44. Rxb3 Rxa5 45. g4 h5 46. Kg3 Ra6 47. gxh5 g6 48. hxg6+ Kxg6 49. Kg4 Rf6 50. h4 Kh6 51. Rb5 Rd6 52. Rh5+ Kg6 53. f5+ Kg7 54. Rg5+ Kh6 55. Rh5+ Kg7 56. Kf4 Ra6 57. Rg5+ Kf7 58. Rg1 Rh6 59. Kg5 Rh8 60. Rg4 Rg8+ 61. Kf4 Rh8 62. Ke4 Re8+ 63. Kf3 Re1 64. Kf4 Ra1 65. Kg5 Kg7 66. h5 Ra6 67. Rg3 Rb6 68. Ra3 Rb7 69. Ra5 Rb1 70. Ra7+ Kg8 71. Ra8+ Kh7 72. Ra7+ Kg8 73. h6 Rg1+ 74. Kf6 Rb1 75. Re7 Kh8 76. Kf7 Kh7 77. Re6 Rb7+ 78. Kf8 Rb8+ 79. Ke7 Rb7+ 80. Kd6 Rb5 81. Re5 Rb6+ 82. Ke7 Rb7+ 83. Kf6 Kxh6 84. Re6 Ra7 1/2-1/2

[Event "IND-chB (Women)"]
[Site "Shilpgram"]
[Date "2010.08.21"]
[Round "2"]
[White "Arunima, Kalra"]
[Black "Amrutha, Mokal"]
[Result "0-1"]
[WhiteElo "1841"]
[BlackElo "2068"]
[PlyCount "50"]
[EventDate "2010.08.20"]
[EventType "swiss"]
[EventRounds "11"]
[EventCountry "IND"]
[SourceTitle "CBM 138 Extra"]
[Source "ChessBase"]
[SourceDate "2010.10.29"]
[SourceVersion "1"]
[SourceVersionDate "2010.10.29"]
[SourceQuality "1"]

1. e4 c5 2. c3 Nf6 3. e5 Nd5 4. d4 cxd4 5. Nf3 e6 6. cxd4 b6 7. Nbd2 Qc7 8. a3 d6 9. Ne4 Nd7 10. Bb5 a6 11. Bxd7+ Bxd7 12. Bg5 h6 13. Bh4 Nf4 14. 0-0 Bc6 15. Bg3 Nh3+ 16. gxh3 Bxe4 17. Re1 Bd5 18. Rc1 Qd7 19. Re3 Be7 20. Rec3 0-0 21. Rc7 Qd8 22. Qd3 dxe5 23. dxe5 Bc5 24. R7xc5 bxc5 25. Rxc5 Qb6 0-1